000 02360cam a2200409 a 4500
001 14419793
003 OSt
005 20180116192415.0
008 060619s2007 maua b 001 0 eng
010 _a 2006020376
020 _a1405132345 (hbk. : alk. paper)
020 _a9781405132343 (hbk. : alk. paper)
020 _a1405132353 (pbk. : alk. paper)
020 _a9781405132350 (pbk. : alk. paper)
035 _a(OCoLC)ocm70176845
035 _a(OCoLC)70176845
040 _aDLC
_cDLC
_dBAKER
_dBTCTA
_dBWKUK
_dYDXCP
_dNLGGC
_dDLC
050 0 0 _aN8217.I27
_bM38 2007
082 0 0 _a701
_222
084 _a73.85
_2bcl
245 0 0 _aMaterial identities /
_cedited by Joanna Sofaer.
260 _aMalden, MA ;
_aOxford :
_bBlackwell Pub.,
_c2007.
300 _axi, 172 p. :
_bill. ;
_c24 cm.
440 0 _aNew interventions in art history
_96482
504 _aIncludes bibliographical references (p. [152]-162) and index.
505 0 _aIntroduction : materiality and identity / Joanna Sofaer -- Mai/Omai in London and the South Pacific : performativity, cultural entanglement and indigenous appropriation / Jocelyn Hackforth-Jones -- Projecting identities in the Greek symposion / Robin Osborne -- Bernini struts / Michael Cole -- Architectural style and identity in Egypt / Doris Behrens-Abouseif -- Identifying the body : representing self, art, ornamentation and the body in later prehistoric Europe / Fay Stevens -- Aristocratic identity : Regency furniture and the Egyptian Revival style / Abigail Harrison-Moore -- Architecture, power and politics : the forum-basilica in Roman Britain / Louise Revell.
650 0 _aIdentity (Psychology) in art.
_96483
650 0 _aMaterial culture.
_96484
700 1 _aSofaer, Joanna R.
_96481
856 4 1 _3Table of contents only
_uhttp://www.loc.gov/catdir/toc/ecip0616/2006020376.html
856 4 2 _3Contributor biographical information
_uhttp://www.loc.gov/catdir/enhancements/fy0802/2006020376-b.html
856 4 2 _3Publisher description
_uhttp://www.loc.gov/catdir/enhancements/fy0802/2006020376-d.html
906 _a7
_bcbc
_corignew
_d1
_eecip
_f20
_gy-gencatlg
942 _2ddc
_cBK
999 _c353688
_d353688